000
00243nam a22001097a 4500
082
_a
621.3 COT'A
100
_a
COTTON, H
_9
40193
245
_a
ADVANCED ELECTRICAL TECHNOLOGY
260
_a
LONDON
_b
PITMAN
_c
1967
300
_a
1293P
942
_c
BK
999
_c
583944
_d
583944